000 00914nam a2200241 a 4500
001 BRCA_1034
005 20190320203242.0
008 920615s1988 fi-a---##c---f000-0#spa-#
040 _aDLC
_cDLC
_dDLC
041 _aspa
044 _afi
050 4 _aNA1455.F53
_b.A48 1988
245 1 0 _aAlvar Aalto
_b1898-1976
_ceditor Aarno Ruusuvuori ; selección de las ilustraciones y extractos de textos, diseño gráfico Juhani Pallasmaa.
250 _a2
260 _aHelsinki
_bMuseum of Finnish Architecture : Alvar Aalto Foundation
_c1988
300 _a167 p.
_bil. (algunas a color)
_c21 cm.
600 1 4 _aAalto, Hugo Alvar Henrik
_d1898-1976
_vExposiciones
_93405
600 1 4 _aAalto, Hugo Alvar Henrik
_d1898-1976
_xCrítica e interpretación
_93406
650 1 4 _aArquitectura
_vExposiciones
_ySiglo XX
_zFinlandia
_93407
700 1 _aRuusuvuori, Aarno
_eed.
_93408
700 1 _aPallasmaa, Juhani
_93409
942 _2lcc
_cB
999 _c913
_d913